Criminal responsibility of legal and collective entities: international colloquium Berlin, may 4-6, 1998
שמור ב:
| Main Authors: | , , |
|---|---|
| פורמט: | ספר |
| שפה: | גרמנית אנגלית |
| יצא לאור: |
Friburgo de Brisgovia
Iuscrim
1999
|
| סדרה: | Beitrage und Materialien aus dem Max-Planck, 78
|
| נושאים: | |
| תגים: |
הוספת תג
אין תגיות, היה/י הראשונ/ה לתייג את הרשומה!
|
MARC
| LEADER | 00000nam a2200000 a 4500 | ||
|---|---|---|---|
| 001 | UCM8542 | ||
| 003 | CL-VaPUC | ||
| 008 | 030321e19990000GW |||||||||||||||||ger|d | ||
| 041 | 0 | 7 | |a ger |2 CL-VaPUC |
| 041 | 0 | 7 | |a eng |2 CL-VaPUC |
| 082 | 0 | 4 | |a 345.04 |b ESE |2 21 |
| 100 | 0 | |a Eser, Albin |e author |9 474614 | |
| 700 | |a Heine, Günter |e author |9 484786 | ||
| 700 | 0 | |a Huber, Barbara |e author |9 474616 | |
| 245 | 1 | 0 | |a Criminal responsibility of legal and collective entities: international colloquium Berlin, may 4-6, 1998 |
| 300 | |a 377 p | ||
| 942 | |c BK | ||
| 945 | |d 20030321 00:00:00 |a rbrito | ||
| 260 | |a Friburgo de Brisgovia |b Iuscrim |c 1999 | ||
| 650 | 7 | |a DERECHO PENAL |2 CL-VaPUC |9 11 | |
| 650 | 0 | |a Responsabilidad penal |9 254899 | |
| 650 | 0 | |a Congresos |9 257560 | |
| 583 | |a last modification |c 20030321 00:00:00 |k Rodrigo Vera | ||
| 490 | 0 | |a Beitrage und Materialien aus dem Max-Planck, 78 | |
| 999 | |c 303015 |d 303013 | ||
| 952 | |0 0 |1 0 |4 0 |6 345_040000000000000_ESE_1999 |7 0 |8 A |9 363927 |a BIBDER |b BIBDER |d 2019-11-21 |i 3736687 |o 345.04 ESE 1999 |p 3736687 |r 2023-01-25 |w 2019-11-21 |y BK |k DER | ||